Science and modern India : (Record no. 79808)

MARC details
000 -LEADER
fixed length control field 01345nam a22002897a 4500
005 - DATE AND TIME OF LATEST TRANSACTION
control field 20131004120143.0
010 ## - LCCN (DPL NO)
LC control number ENG-108582
020 ## - INTERNATIONAL STANDARD BOOK NUMBER
International Standard Book Number 9788131728185
Terms of availability 4200.00
035 ## - SYSTEM CONTROL NUMBER
System control number EN-92115
037 ## - SOURCE OF ACQUISITION
Source of stock number/acquisition DBAD/PUB
082 00 - DEWEY DECIMAL CLASSIFICATION NUMBER
Classification number 506.054
Edition number 22
245 00 - TITLE STATEMENT
Title Science and modern India :
Remainder of title an institutional history, c. 1784-1947 /
Statement of responsibility, etc edited by Uma Das Gupta
260 ## - PUBLICATION, DISTRIBUTION, ETC. (IMPRINT)
Place of publication, distribution, etc Delhi
Name of publisher, distributor, etc Pearson Education
Date of publication, distribution, etc 2011
270 ## - ADDRESS
Address 11, Community Centre, Panchsheel Park
City New Delhi
Postal code 110017
300 ## - PHYSICAL DESCRIPTION
Extent lxxvii, 1151p. :
Other physical details ill.
Dimensions 29cm(Hb)
490 0# - SERIES STATEMENT
Series statement History of science, philosophy, and culture in Indian civilization ;
Volume number/sequential designation v. 15, pt. 4
500 ## - GENERAL NOTE
General note "Project of History of Indian Science, Philosophy, and Culture (PHISPC), Sub-project: Consciousness, Science, Society, Value, and Yoga."
500 ## - GENERAL NOTE
General note "Centre for Studies in Civilizations."
504 ## - BIBLIOGRAPHY, ETC. NOTE
Bibliography, etc Includes biblioggraphical refereences and index.
650 #0 - SUBJECT ADDED ENTRY--TOPICAL TERM
Topical term or geographic name as entry element Science
Geographic subdivision India
General subdivision Societies, etc.
-- History
650 #0 - SUBJECT ADDED ENTRY--TOPICAL TERM
Topical term or geographic name as entry element Science
General subdivision Study and teaching (Higher)
Geographic subdivision India
General subdivision History.
650 #0 - SUBJECT ADDED ENTRY--TOPICAL TERM
Topical term or geographic name as entry element Science
Geographic subdivision India
General subdivision History.
700 1# - ADDED ENTRY--PERSONAL NAME
Personal name Dasgupta, Uma
710 2# - ADDED ENTRY--CORPORATE NAME
Corporate name or jurisdiction name as entry element Project of History of Indian Science, Philosophy, and Culture
Subordinate unit Sub Project: Consciousness, Science, Society, Value, and Yoga
710 2# - ADDED ENTRY--CORPORATE NAME
Corporate name or jurisdiction name as entry element Centre for Studies in Civilizations (Delhi, India)
942 ## - ADDED ENTRY ELEMENTS (KOHA)
Source of classification or shelving scheme Dewey Decimal Classification
Item type English Books
Call number suffix SCI
Classification part 506.054
Holdings
Withdrawn status Lost status Not for loan Collection code Home library Current library Date acquired Source of acquisition Cost, normal purchase price Full call number Barcode Copy number Cost, replacement price Koha item type
    Not For Loan Non-fiction D.B.Act.Division D.B.Act.Division 04/10/2013 DBAD/PUB 4200.00 506.054 SCI EN-92115 1 4200.00 English Books

© Delhi Public Library
Hit Counter
free hit counter